| 000 | 00654nam a2200193 a 4500 | ||
|---|---|---|---|
| 001 | 000040753 | ||
| 005 | 20240905110224.0 | ||
| 008 | 130906s1997 sp 000 0 spa d | ||
| 020 | _a8432207357 | ||
| 040 |
_aDO-SdBNP _bspa _cBNPHU |
||
| 100 | 1 |
_aTamaro, Susanna _d1957- _966313 |
|
| 245 | 1 | 0 |
_aAnima mundi / _cSusanna Tamaro ; traducción de Atilio Pentimalli Melacrino. |
| 250 | _a4a ed. | ||
| 260 |
_aBarcelona : _bSeix Barral, _c1997. |
||
| 300 |
_a283 p. ; _c22 cm. |
||
| 500 | _aIncluye datos biográficos del autor en la solapa de la cubierta | ||
| 500 | _aTraducido del idioma italiano | ||
| 700 | 1 |
_aPentimalli Melancrino, Atilio, _etrad. _967160 |
|
| 999 |
_c40243 _d40243 |
||